ბათუმის შოთა რუსთაველის სახელმწიფო უნივერსიტეტის ბიბლიოთეკა

Complex Analysis / (ბიბ.ჩანაწერი № 41076)

000 -LEADER
fixed length control field 00865nam a2200265Ia 4500
001 - CONTROL NUMBER
control field 7725
003 - CONTROL NUMBER IDENTIFIER
control field GE_BSU
005 - DATE AND TIME OF LATEST TRANSACTION
control field 20221116140538.0
008 - FIXED-LENGTH DATA ELEMENTS--GENERAL INFORMATION
fixed length control field 181216s2004en xx |||||||||||||| ||eng||
020 ## - INTERNATIONAL STANDARD BOOK NUMBER
International Standard Book Number 1852337338.x
040 ## - CATALOGING SOURCE
Transcribing agency GE_BSU
041 ## - LANGUAGE CODE
Language code of text/sound track or separate title eng
080 ## - UNIVERSAL DECIMAL CLASSIFICATION NUMBER
Universal Decimal Classification number 515.9 H-84
100 ## - MAIN ENTRY--PERSONAL NAME
Personal name Howie,John M.
9 (RLIN) 14692
245 ## - TITLE STATEMENT
Title Complex Analysis /
Statement of responsibility, etc. John M. Howie, Advisory Board: P.J.Cameron,M.A.J.Chaplain, K.Edman,and other.
264 ## - PRODUCTION, PUBLICATION, DISTRIBUTION, MANUFACTURE, AND COPYRIGHT NOTICE
Place of production, publication, distribution, manufacture London:
Name of producer, publisher, distributor, manufacturer Springer,
Date of production, publication, distribution, manufacture, or copyright notice 2004.
300 ## - PHYSICAL DESCRIPTION
Extent 260 p;
Dimensions 23 cm.
440 ## - SERIES STATEMENT/ADDED ENTRY--TITLE
Title Springer Undergraduate Mathematics Series: ISSN 1615-2085.
9 (RLIN) 14670
653 ## - INDEX TERM--UNCONTROLLED
keyword Complex Analysis.
653 ## - INDEX TERM--UNCONTROLLED
keyword კომპლექსური ანალიზი
700 ## - ADDED ENTRY--PERSONAL NAME
Personal name Cameron, P.J
Relator term Advisory Board
9 (RLIN) 14676
700 ## - ADDED ENTRY--PERSONAL NAME
Personal name Chaplain, M.A.J
Relator term Advisory Board
9 (RLIN) 14672
700 ## - ADDED ENTRY--PERSONAL NAME
Personal name Edman, K
Relator term Advisory Board
9 (RLIN) 14691
942 ## - ADDED ENTRY ELEMENTS (KOHA)
Koha item type წიგნი
Source of classification or shelving scheme
ეგზემპლარები
Withdrawn status Lost status Source of classification or shelving scheme Damaged status Not for loan Permanent Location Current Location Shelving location Date acquired Cost, normal purchase price Full call number Barcode Date last seen Copy number Price effective from Koha item type Public note
          ბათუმის შოთა რუსთაველის სახელმწიფო უნივერსიტეტის მთავარი ბიბლიოთეკა ბათუმის შოთა რუსთაველის სახელმწიფო უნივერსიტეტის მთავარი ბიბლიოთეკა წიგნსაცავი 2018-12-17 68.00 515.9 H-84 24093 2018-12-17 24093 2018-12-17 წიგნი 68 gel.
          ბათუმის შოთა რუსთაველის სახელმწიფო უნივერსიტეტის მთავარი ბიბლიოთეკა ბათუმის შოთა რუსთაველის სახელმწიფო უნივერსიტეტის მთავარი ბიბლიოთეკა წიგნსაცავი 2018-12-17 68.00 515.9 H-84 24094 2018-12-17 24094 2018-12-17 წიგნი 68 gel.
          ბათუმის შოთა რუსთაველის სახელმწიფო უნივერსიტეტის მთავარი ბიბლიოთეკა ბათუმის შოთა რუსთაველის სახელმწიფო უნივერსიტეტის მთავარი ბიბლიოთეკა წიგნსაცავი 2018-12-17 68.00 515.9 H-84 24095 2018-12-17 24095 2018-12-17 წიგნი 68 gel.
          ბათუმის შოთა რუსთაველის სახელმწიფო უნივერსიტეტის მთავარი ბიბლიოთეკა ბათუმის შოთა რუსთაველის სახელმწიფო უნივერსიტეტის მთავარი ბიბლიოთეკა წიგნსაცავი 2018-12-17 68.00 515.9 H-84 24096 2018-12-17 24096 2018-12-17 წიგნი 68 gel.
          ბათუმის შოთა რუსთაველის სახელმწიფო უნივერსიტეტის მთავარი ბიბლიოთეკა ბათუმის შოთა რუსთაველის სახელმწიფო უნივერსიტეტის მთავარი ბიბლიოთეკა წიგნსაცავი 2024-01-26 68.00 515.9 H-84 24097 2024-01-26 24097 2024-01-26 წიგნი 68.00 ₾.